Managing for responsive research and development (Record no. 31231)

MARC details
000 -LEADER
fixed length control field 00295nam a2200109Ia 4500
082 ## - DEWEY DECIMAL CLASSIFICATION NUMBER
Classification number 658.5
Item number BLA
100 ## - MAIN ENTRY--AUTHOR NAME
Personal name Stewart P
245 #0 - TITLE STATEMENT
Title Managing for responsive research and development
260 ## - PUBLICATION, DISTRIBUTION, ETC. (IMPRINT)
Place of publication San Franscisco
Name of publisher W H Freeman
Year of publication 1978
942 ## - ADDED ENTRY ELEMENTS (KOHA)
Koha item type Books
Holdings
Withdrawn status Lost status Damaged status Not for loan Home library Current library Date acquired Cost, normal purchase price Full call number Accession Number Koha item type
        RRII Library RRII Library 16/12/2021 17.50 658.5 BLA 11782 Books